Flagi Państw Australii i Oceanii - Statystyki

Ogólne statystyki
  • Ten quiz został rozwiązany 92 razy
  • Średni wynik to 12 z 14
Statystyki odpowiedzi
Obrazkowy Odpowiedź % Poprawnych
Nowa Zelandia
100%
Australia
98%
Papua-Nowa Gwinea
93%
Fidżi
90%
Mikronezja
88%
Wyspy Marshalla
88%
Kiribati
83%
Tonga
83%
Wyspy Salomona
83%
Nauru
81%
Palau
81%
Samoa
78%
Tuvalu
76%
Vanuatu
75%
Nie znaleziono quizów pasujących do podanych kryteriów
Rozkład punktacji
Procent ludzi z każdym wynikiem
Percentyl według liczby udzielonych odpowiedzi
Twoja historia wyników
Nie rozwiązałeś tego quizu